| 000 | 00652cab a2200217 4500 | ||
|---|---|---|---|
| 001 | WB3324-10 | ||
| 008 | 090401t1997 xxu||||| |||| 00| 0 eng d | ||
| 035 | _a(Sirsi) u78997 | ||
| 041 | _aeng | ||
| 245 | _aClarification needed for RDAs | ||
| 260 | _c1997 | ||
| 350 | _a0 | ||
| 490 |
_aRICS Press Release _v(pr59.res) 11 June 1997, (2) |
||
| 520 | _aThe RICS believes more guidance is needed in the government`s consultation paper on regional development agencies (RDAs). | ||
| 650 | _aCONSULTATION PAPER | ||
| 650 | _aREGIONAL DEVELOPMENT AGENCIES | ||
| 650 | _aRICS | ||
| 690 | _aECONOMIC AND SOCIAL | ||
| 942 | _n0 | ||
| 948 | _c17/06/1997 | ||
| 999 |
_c49643 _d49643 |
||